000 01649nam a2200337 c 4500
003 BLK
005 20230627115150.0
008 180409b bul|||||r ||||||| ||bul||
010 _aKNG00123580000
020 _a978-954-92526-7-5
_bиздат.: ПАМ Пъблишинг Къмпани
040 _aBLK
041 _aBUL
_cBUL
072 7 _2bullib
_aН83
_xЧужда художествена литература Н
080 _aКазахска литература
_b821.512.122
_x-34
_z821.512.122-34
700 1 _aЦветкова, Алевтина
_eсъстав.
_9315481
700 _a Тотоманов, Иван Димитров, 1953 -
_9367882
139 _aБлагодатната земя на Казахстан
_bБ 47
245 1 0 _aБлагодатната земя на Казахстан
_bПредания и легенди за Баянаул
_cсъстав. Алевтина Цветкова; прев. Иван Димитров Тотоманов.
257 _aKAZ
260 София
_bПАМ Пъблишинг Къмпани
_c2010
_fСофия : Хермес-Прес
300 _a127 с.
_bс цв. ил., к.
_c21 см
380 _aX
500 _aДруги състав. отбелязани в библиогр. каре : Н. Т. Ержанов, А. А. Садъкова - Перли от Казахстан / Николай Ников. - Библиогр. след отд. материали.
659 _aН
852 _aЦб 251941
856 4 _qpdf
_u
856 4 _qpdf
_u
942 _cKNG
_n0
944 _aCR
_c16.06.2011
_kМилена_Ачева
944 _aED
_c13.09.2011
_k
999 _c117979
_d117979